The lost dominion, (Record no. 553122)
[ view plain ]
| 000 -LEADER | |
|---|---|
| fixed length control field | 00420cam a22001451 4500 |
| 082 ## - DEWEY DECIMAL CLASSIFICATION NUMBER | |
| Classification number | 954.031 |
| Author Mark | CAR |
| 100 1# - MAIN ENTRY--PERSONAL NAME | |
| Personal name | Carthill, Al. |
| 9 (RLIN) | 49772 |
| 245 14 - TITLE STATEMENT | |
| Title | The lost dominion, |
| Statement of responsibility, etc. | by Al. Carthill. |
| 250 ## - EDITION STATEMENT | |
| Edition statement | 3d impression. |
| 260 ## - PUBLICATION, DISTRIBUTION, ETC. | |
| Place of publication, distribution, etc. | Edinburgh |
| -- | London, |
| Name of publisher, distributor, etc. | W. Blackwood and sons, |
| Date of publication, distribution, etc. | 1924. |
| 300 ## - PHYSICAL DESCRIPTION | |
| Extent | vi p., 1 l., 351, [1] p. |
| Dimensions | 22 cm. |
| 526 ## - STUDY PROGRAM INFORMATION NOTE | |
| Program name | 0 |
| Interest level | 0 |
| Reading level | 0 |
| Title point value | 954_031000000000000_CAR |
| 650 ## - SUBJECT ADDED ENTRY--TOPICAL TERM | |
| Topical term or geographic name entry element | MCE |
| 9 (RLIN) | 379 |
| 942 ## - ADDED ENTRY ELEMENTS (KOHA) | |
| Source of classification or shelving scheme | |
| Koha item type | Book |
| Withdrawn status | Lost status | Source of classification or shelving scheme | Damaged status | Not for loan | Permanent Location | Current Location | Shelving location | Date acquired | Total Checkouts | Full call number | Barcode | Date last seen | Price effective from | Koha item type |
|---|---|---|---|---|---|---|---|---|---|---|---|---|---|---|
| Military College of Engineering (MCE) | Military College of Engineering (MCE) | 01/29/2015 | 954.031 CAR | MCE-ECL .2 | 01/29/2015 | 01/29/2015 | Book |
